Normal view MARC view

Entry Personal Name

Number of records used in: 1

001 - CONTROL NUMBER

  • control field: 376279

003 - CONTROL NUMBER IDENTIFIER

  • control field: OSt

005 - DATE AND TIME OF LATEST TRANSACTION

  • control field: 20220927110336.0

008 - FIXED-LENGTH DATA ELEMENTS

  • fixed length control field: 220927|| aca||aabn | a|a d

040 ## - CATALOGING SOURCE

  • Original cataloging agency: OSt
  • Transcribing agency: OSt

100 ## - HEADING--PERSONAL NAME

  • Personal name: MAHARASHTRA CENTRAL FAMINE RELIEF COMMITTEE

670 ## - SOURCE DATA FOUND

  • Source citation: Work cat.: (OSt)695606: MAHARASHTRA CENTRAL FAMINE RELIEF COMMITTEE. 376278, Report of the survey of Ghod valley, 1955
Copyright @ Delhi University Library System